000
00325nam a2200121Ia 4500
008
240624s9999 xx 000 0 und d
041
_a
eng
082
_a
658.5 PRO
100
_a
PRODUCTIVITY PRESS
245
_a
VALUE STREAM MANAGEMENT DVD SET EIGHT ST
260
_c
2006
_a
improvements
_b
Productivity Press
365
_c
BPS
_b
30
999
_c
15061
_d
15061